Coat of Arms of Malaysian First-Level Subdivision - Statistics

General Stats
  • This quiz has been taken 86 times
  • The average score is 11 of 14
Answer Stats
Picture Hint Answer % Correct
Abode of Sincerity Selangor
97%
Abode of Bliss Kelantan
85%
Abode of Grace Perak
82%
Land Below the Wind Sabah
80%
Land of the Hornbills Sarawak
80%
Abode of Tranquility Pahang
78%
Island of Pearl Penang
77%
Abode of Safety Kedah
75%
State of History Malacca
75%
Abode of Dignity Johor
73%
Abode of Exception Negeri Sembilan
73%
Land of Dreams Perlis
72%
Abode of Faith Terengganu
72%
Muddy Estuary, Administrative Capital, and Pearl of Borneo Federal Territories
43%
No matching quizzes found
Score Distribution
Percent of People with Each Score
Percentile by Number Answered
Your Score History
You have not taken this quiz